000 00417nam a2200145Ia 4500
008 100204s9999 xx 000 0 und d
082 _b12425
100 _aवाळिंबे शरदचंद्र्र
245 _aभरारी
260 _b"आशिष प्रकाशन, पुणे"
_c1989
300 _a144
630 _aभरारी
730 _aभरारी
942 _cBOOK
999 _c456858
_d456855